Statistieken voor Win de Amerikaanse Presidentsverkiezingen

Klik hier om de quiz te nemen!

Algemene statistieken

  • Deze quiz is 1.674 keer genomen
  • De gemiddelde score is 157 van 538

Antwoorden op de kaart

Antwoorden kleurgecodeerd door een groen-rode schaal op de quizkaart volgens % correct hieronder.
 

Antwoordstatistieken

#Staat% Correct
38Texas
80%
29New York
74%
55Californië
68%
29Florida
64%
12Washington
54%
3Alaska
38%
4Maine
26%
6Nevada
25%
18Ohio
25%
11Arizona
22%
20Pennsylvania
22%
4Hawaii
21%
7Oregon
21%
6Utah
20%
3Montana
18%
9Alabama
15%
4Idaho
15%
16Michigan
15%
20Illinois
14%
5New Mexico
14%
16Georgia
13%
5Nebraska
12%
9Colorado
10%
3Vermont
10%
6Iowa
9%
8Kentucky
9%
14New Jersey
9%
13Virginia
9%
11Indiana
7%
6Kansas
7%
10Minnesota
7%
3North Dakota
7%
10Wisconsin
7%
3Wyoming
7%
6Arkansas
6%
8Louisiana
6%
15North Carolina
6%
7Oklahoma
5%
3South Dakota
5%
11Tennessee
5%
4Rhode Island
4%
10Maryland
3%
11Massachusetts
3%
6Mississippi
3%
9South Carolina
3%
5West Virginia
3%
3District of Columbia
2%
7Connecticut
1%
3Delaware
1%
10Missouri
1%
4New Hampshire
1%

Scoreverdeling

Percentiel versus Aantal Correcte Antwoorden

Procent van Mensen met Elke Score

Uw Scoregeschiedenis

U heeft deze quiz nog niet genomen